Zdanlivo neškodné uštipnutie hmyzom

Bibliographic Details
Main Author: Andrišinová, Andrea (Author)
Format: Article
Language:Slovak

MARC

LEADER 00000nab a2200000 a 4500
001 vtls010706417
003 SK-MaSNL
005 20260304185509.0
008 250709s2012 xo |||||||||||||||||slo|
035 |a (urnnbn)urn:nbn:sk:snk:ar-a04169 
035 |a (uuid)8639b9a3-df77-44dc-a0c3-b0210866a443 
035 |a urn:nbn:sk:snk-ab3aqn 
040 |a SNKBUCL  |b slo  |c SNKBUCL  |e AACR2 
041 0 |a slo 
044 |a xo  |c SK 
100 1 |a Andrišinová, Andrea  |4 aut  |9 1520014 
245 1 0 |a Zdanlivo neškodné uštipnutie hmyzom  |c Andrea Andrišinová 
773 0 |t Lekárnické listy : odborno-informačný časopis Slovenskej lekárnickej komory  |g Roč. 14, č. 6 (2012), s. 30-31 
850 |a Slovenská národná knižnica 
852 |a Slovenská národná knižnica 
954 |a odborná, vedecká literatúra pôvodná (slovenská)  |2 lita 
958 |a article1 
958 |a OND 
958 |a EUIPO 
999 |c 3043818  |d 3045748